Study of international politics : A guide to the source for the student, teacher and researcher (Record no. 21243)

MARC details
000 -LEADER
fixed length control field 00402nam a2200133Ia 4500
082 ## - DEWEY DECIMAL CLASSIFICATION NUMBER
Classification number RR 016.327 LAB
100 ## - MAIN ENTRY--AUTHOR NAME
Personal name La Barr, Dorothy F.
245 #0 - TITLE STATEMENT
Title Study of international politics : A guide to the source for the student, teacher and researcher
260 ## - PUBLICATION, DISTRIBUTION, ETC. (IMPRINT)
Place of publication Santa Barbara
Name of publisher Clio Books
Year of publication 1996
300 ## - PHYSICAL DESCRIPTION
Number of Pages xix, 211p.
500 ## - GENERAL NOTE
General note Author index : P.189-211
700 ## - ADDED ENTRY--PERSONAL NAME
Personal name Singer, J. David
942 ## - ADDED ENTRY ELEMENTS (KOHA)
Koha item type Books
Holdings
Withdrawn status Lost status Damaged status Not for loan Home library Current library Date acquired Full call number Accession Number Price effective from Koha item type
        NASSDOC Library NASSDOC Library 08/10/2004 RR 016.327 LAB 9345 18/04/2019 Books